000 00829 a2200325 4500
260 _aParis
630 _a16 - Logique. Theorie de la connaissance
037 _b3, BU
650 _a1 - PHILOSOPHIE ET PSYCHOLOGIE
100 _aComte, Auguste
260 _bEcole des hautes études en sciences sociales
260 _bJ. VRIN
260 _bMouton
245 _aCorrespondance générale et confessions. Tome 5: 1849-1850
300 _a352p.
650 _acorrespondance
260 _c1982
300 _b23cm.
100 _lFr
037 _aL1749
037 _aL2775
037 _aL2773
440 _aArchives positivistes
700 _aEd., <de> Berrêdo Carneiro, Paulo
700 _aEd., Arbousse-Bastide, Paul
020 _a2-7132-0787-8
020 _a2-7116-2022-0
999 _c39574
_d39574